Представление документа в формате MARC21

Поле Инд. ПП Название Значение
Тип записи a
Библиографический уровень m
001 Контрольный номер 750c3ae2-186f-4ff3-9833-9ca9b106d234
005 Дата корректировки 20111130131339.7
008 Кодируемые данные 980609 d
020 a ISBN 5-88244-002-5
c Цена, тираж 300-00
040 a Служба первич. каталог. НБ ТвГУ
041 a Код языка текста rus
080 a Индекс УДК 640.1
084 a Индекс другой классификации/Индекс ББК М79
090 a Полочн. индекс М79
x Авторский знак Д25
245 00 a Заглавие 900 советов со всего света
260 0_ a Место издания Москва
b Издательство Изд-во газ. "Труд"
c Дата издания 1992
300 a Объем 207 с.
b Иллюстрации/ тип воспроизводства ил.
440 a Серия Б-ка домаш. хоз-ва
650 a Основная рубрика Домоводство
653 a Ключевые слова Домоводство
a Ключевые слова Полезные советы
852 t Порядковый номер экземпляра 1
p Инвентарный номер 647770
852 t Порядковый номер экземпляра 1
p Инвентарный номер 647771
954 a Дата поступления на обработку 21.03.94
999 a Подразделение 2 аб.
a Подразделение 2 ч.з.